A social capital framework for understanding the socialization of racial minority children and youths (Record no. 77162)

MARC details
000 -CABECERA
campo de control de longitud fija 00628nam a2200205 a 4500
005 - FECHA Y HORA DE LA ÚLTIMA TRANSACCIÓN
campo de control 20210219153440.0
008 - ELEMENTOS DE LONGITUD FIJA--INFORMACIÓN GENERAL
campo de control de longitud fija 991125n 000 0 eng u
035 ## - NÚMERO DE CONTROL DEL SISTEMA
Número de control de sistema UPN01000100505
100 ## - ASIENTO PRINCIPAL--NOMBRE PERSONAL
Nombre de persona STANTON-SALAZAR, Ricardo D
222 ## - TÍTULO CLAVE
Título clave HARVARD EDUCATIONAL REVIEW
245 ## - MENCIÓN DE TÍTULO
Título A social capital framework for understanding the socialization of racial minority children and youths
260 ## - PUBLICACIÓN, DISTRIBUCIÓN, ETC.
Lugar de publicación, distribución, etc. Massachusetts, EUA
300 ## - DESCRIPCIÓN FÍSICA
Extensión 1-40
362 ## - FECHAS DE PUBLICACIÓN Y/O DESIGNACIÓN SECUENCIAL
Fecha de publicación y/o designación secuencial 1997 Vol. 67, no. 1, spring
653 0# - TERMINO DE INDIZACION - NO CONTROLADO
Término no controlado GRUPOS ETNICOS
653 0# - TERMINO DE INDIZACION - NO CONTROLADO
Término no controlado INTERACCION MAESTRO-ALUMNO
653 0# - TERMINO DE INDIZACION - NO CONTROLADO
Término no controlado SOCIALIZACION
904 ## - ELEMENTOS DE DATOS D LOCAL, LDD (RLIN)
a AC
b 038316
905 ## - TIPO DE MATERIAL
Tipo de material Articulo

No items available.